Diplomado en sistematización de las prácticas educativas con adultos : la educación de adultos en y para la comunidad : lecturas /

Shranjeno v:
Bibliografske podrobnosti
Korporativna značnica: Instituto Nacional para la Educación de los Adultos (México)
Drugi avtorji: Ander-Egg, Ezequiel (autor) (autor)
Format: Knjiga
Jezik:španščina
Oznake: Označite
Brez oznak, prvi označite!

MARC

LEADER 00000nam^a2200000^a^4500
001 000266058
005 20250521000000.0
008 070827 19961996
009 20260310110738.774
025 |a Donación sin dato, 1 ejemplar 
037 |a Acervo ITESO - Biblioteca 
041 |a ESP 
082 |a 370. 732  |b INS DIP-lec V. 3 
110 |a Instituto Nacional para la Educación de los Adultos (México) 
240 1 1 |a [Diplomado en sistematización de las prácticas educativas con adultos] 
240 1 1 |a [Diplomado en sistematización de las prácticas educativas con adultos: la educación de adultos en y para la comunidad] 
240 1 1 |a [Diplomado en sistematización de las prácticas educativas con adultos: lecturas] 
245 1 0 |a Diplomado en sistematización de las prácticas educativas con adultos :  |b la educación de adultos en y para la comunidad : lecturas /  |c Instituto Nacional para la Educación de los Adultos ; E. Ander-Egg... [et al.]. 
264 |a México :  |b Instituto Nacional para la Educación de los Adultos,  |c fecha no identificada 
300 |a 218 p. 
336 |a texto  |b txt  |2 rdacontenido 
337 |a sin mediación  |b n  |2 rdamedio 
338 |a volumen  |b nc  |2 rdasoporte 
649 |a XX 
700 |a Ander-Egg, Ezequiel  |e (autor) 
910 |a Fondo General 
920 |a Impresos - Libros 
930 |a Colección General 
905 |a 101 
901 |a 0500149305  |b IT1  |c ACC  |i D  |u 20250521 
902 |a https://opac.biblio.iteso.mx/vufind/Record/000266058